Polskie kluby piłkarskie - Statystyki

Ogólne statystyki
  • Ten quiz został rozwiązany 23 razy
  • Średni wynik to 43 z 108
Statystyki odpowiedzi
Hint Odpowiedź % Poprawnych
Ekstraklasa Lech Poznań
100%
Ekstraklasa Legia Warszawa
100%
Ekstraklasa Gks Katowice
95%
Ekstraklasa Raków Częstochowa
95%
1 liga Wisła Kraków
95%
Ekstraklasa Arka Gdynia
90%
Ekstraklasa Cracovia
90%
Ekstraklasa Lechia Gdańsk
90%
Ekstraklasa Pogoń Szczecin
90%
Ekstraklasa Widzew Łódź
90%
Ekstraklasa Górnik Zabrze
86%
Ekstraklasa Jagiellonia Białystok
86%
1 liga Łks łódź
86%
1 liga Polonia Warszawa
86%
Ekstraklasa Wisła Płock
86%
Ekstraklasa Zagłębie Lubin
86%
Ekstraklasa Motor Lublin
81%
1 liga Śląsk Wrocław
81%
Ekstraklasa Korona Kielce
76%
1 liga Ruch Chorzów
76%
2 liga Zagłębie Sosnowiec
76%
Ekstraklasa Piast Gliwice
71%
Ekstraklasa Radomiak Radom
71%
1 liga Stal Mielec
71%
1 liga Chrobry Głogów
67%
1 liga Miedź Legnica
67%
1 liga Wieczysta Kraków
67%
2 liga Resovia
62%
1 liga Stal Rzeszów
62%
Ekstraklasa Termalica
62%
2 liga Warta Poznań
62%
2 liga* Gks Jastrzębie
57%
1 liga Gks Tychy
57%
1 liga Odra Opole
57%
2 liga Podbeskidzie Bielsko-Biała
57%
1 liga Polonia Bytom
57%
1 liga Znicz Pruszków
57%
2 liga Hutnik Kraków
52%
1 liga Puszcza Niepołomice
52%
2 liga Stal stalowa Wola
52%
1 liga Górnik Łęczna
48%
2 liga KKS Kalisz
48%
2 liga Olimpia Grudziądz
48%
3 Liga 2 Elana Toruń
43%
3 Liga 1 Gks Bełchatów
43%
1 liga Pogoń Grodzisk mazowiecki
43%
1 liga Pogoń Siedlce
43%
3 Liga 2 Zawisza Bydgoszcz
43%
3 Liga 3 Lechia zielona góra
38%
3 Liga 1 Olimpia Elbląg
38%
2 liga Rekord Bielsko-Biała
38%
2 liga Sandecja nowy Sącz
38%
2 liga Unia Skierniewice
38%
2 liga Chojniczanka Chojnice
33%
3 Liga 1 Łks łomża
33%
2 liga Świt Szczecin
33%
3 Liga 1 Wigry Suwałki
33%
3 Liga 1 Legia Warszawa 2
29%
3 Liga 1 Broń Radom
24%
3 Liga 2 Flota Świnoujście
24%
2 liga Łks łódź 2
24%
2 liga Podhale nowy targ
24%
2 liga Śląsk Wrocław 2
24%
2 liga Sokół Kleczew
24%
3 Liga 2 Wikęd Luzino
24%
3 Liga 2 Błękitni Stargard
19%
3 Liga 3 Skra Częstochowa
19%
3 Liga 1 Warta Sieradz
19%
3 Liga 1 Widzew Łódź 2
19%
3 Liga 3 Carina gubin
14%
3 Liga 3 Górnik Polkowice
14%
3 Liga 1 KS Wasilków
14%
3 Liga 1 Lechia Tomaszów mazowiecki
14%
3 Liga 2 Lech Poznań 2
14%
3 Liga 3 MKS Kluczbork
14%
3 Liga 2 Wda świecie
14%
3 Liga 1 Ząbkowia ząbki
14%
3 Liga 1 Jagiellonia Białystok 2
10%
3 Liga 3 Karkonosze Jelenia
10%
3 Liga 2 Kluczevia Stargard
10%
3 Liga 1 Mławianka Mława
10%
3 Liga 2 Pogoń nowe Skalmierzyce
10%
3 Liga 2 Pogoń Szczecin 2
10%
3 liga 3 Polonia nysa
10%
3 Liga 2 Polonia środa wielkopolska
10%
3 Liga 3 Ślęza Wrocław
10%
3 Liga 3 Sparta Katowice
10%
3 Liga 1 Świt nowy dwór mazowiecki
10%
3 Liga 3 Warta gorzów wielkopolski
10%
3 Liga 1 Wisła Płock 2
10%
3 Liga 2 Cartusia kartuzy
5%
3 Liga 3 Górnik Zabrze 2
5%
3 Liga 2 Lipno Stęszew
5%
3 Liga 3 Lks Goczałkowice zdrój
5%
3 liga 3 LZS starowice dolne
5%
3 liga 3 Miedź Legnica 2
5%
3 Liga 2 Noteć Czarnków
5%
3 Liga 2 Tłuchowia Tłuchowo
5%
3 Liga 2 Unia Swarzędz
5%
3 Liga 2 Victoria września
5%
3 Liga 2 Wybrzeże rewalskie rewal
5%
3 Liga 3 Zagłębie Lubin 2
5%
3 Liga 1 Gks wiklielec
0%
3 Liga 1 KS ck Troszyn
0%
3 liga 3 Pniówek Pawłowice
0%
3 liga 3 Słowianin Wolbórz
0%
3 liga 3 Stal jesień
0%
3 Liga 1 Znicz biała Praska
0%
Nie znaleziono quizów pasujących do podanych kryteriów
Rozkład punktacji
Procent ludzi z każdym wynikiem
Percentyl według liczby udzielonych odpowiedzi
Twoja historia wyników
Nie rozwiązałeś tego quizu